|
|
|
|
| LEADER |
00000nab a2200000uu 4500 |
| 001 |
vtls010900623 |
| 003 |
SK-MaSNL |
| 005 |
20260303141753.0 |
| 008 |
230222|1977 xo |||||||||||||||||slo| |
| 015 |
|
|
|a SNBRB
|
| 035 |
|
|
|a (urnnbn)urn:nbn:sk:snk:ar-a07lj8
|
| 035 |
|
|
|a (uuid)c11599ab-502d-4252-a6b7-ce01ea869090
|
| 035 |
|
|
|a urn:nbn:sk:snk-ab8sb1
|
| 040 |
|
|
|a SNKBUCL
|b slo
|c SNKBUCL
|e AACR2
|
| 041 |
0 |
|
|a slo
|
| 044 |
|
|
|a xo
|c SK
|
| 100 |
1 |
|
|a Bašovský, O.
|4 aut
|9 1161581
|
| 245 |
1 |
0 |
|a Formovanie aglomerácií Banská Bystrica, Zvolen a Martin
|c O. Bašovský, N. Guňovska, P. Miššeje
|
| 700 |
1 |
|
|a Guňovska, N.
|4 trl
|9 1161580
|
| 700 |
1 |
|
|a Miššeje, P.
|4 trl
|9 1160788
|
| 773 |
0 |
|
|t Acta Facultatis rerum naturalium Universitatis Comenianae
|g Roč. 15, č. 15 (1977), s. 49-75
|
| 954 |
|
|
|a odborná, vedecká literatúra pôvodná (slovenská)
|2 lita
|
| 958 |
|
|
|a OND
|
| 958 |
|
|
|a EUIPO
|
| 958 |
|
|
|a article10
|
| 999 |
|
|
|c 1978643
|d 1980573
|